000 005380000a22001930004500
003 LK-CoMWRAF
005 20231203174738.0
008 230817t ||||| |||| 00| 0 eng d
040 _aLK-CoMWRAF
_dLK-CoMWRAF
_eLK-CoMWRAF
041 _aeng
082 _a660
_bCHI
245 _aChildren:Zones of Peace
_bA Call for Action
260 _c1998
300 _ap.20
500 _aPromoting and Protecting the Rights of Children affected by Armed Conflict in Sri Lanka
650 _aChildren
650 _aRights of Children
942 _cBK
999 _c2598
_d2598